000 006390000a22001810004500
003 MACL
005 20160517120330.0
008 160517b xxu||||| |||| 00| 0 eng d
040 _aMACL
_cMACL
041 _aHindi
082 _a891.433
100 _aशुक्‍ल, मत्‍स्‍येन्‍द्र
_944749
245 _aजनमत तथा अन्‍य कहानियॉ
_cशुक्‍ल, मत्‍स्‍येन्‍द्र
260 _aइलाहाबाद
_bरचना प्रकाशन
_c2005
350 _a300
650 _aStories
_957532
942 _cHIN
_k891.433/SHU /S
_2ddc
999 _c46885
_d46885